Consequences of COVID-19 on Digital Economy in the Horn of Africa
Cieľom príspevku je syntetizovať dôsledky COVID-19 na digitálne hospodárstvo v oblasti Afrického rohu. Prehodnocuje prijatie digitálnej ekonomiky ako prostriedok prechodu cez pandémiu COVID-19, pretože svet počas pandémie zaznamenáva rozmach digitálnych spoločností.
Gespeichert in:
| 1. Verfasser: | |
|---|---|
| Weitere Verfasser: | |
| Format: | Buchkapitel |
| Sprache: | Englisch |
| Schlagworte: | |
| Tags: |
Keine Tags, Fügen Sie das erste Tag hinzu!
|
MARC
| LEADER | 00000naa a2200000 4500 | ||
|---|---|---|---|
| 001 | 0272724 | ||
| 005 | 20210326140737.0 | ||
| 041 | 0 | |a eng | |
| 044 | |a SK | ||
| 245 | 1 | 0 | |a Consequences of COVID-19 on Digital Economy in the Horn of Africa |c Saleamlak Fentaw Getahun, Sintayehu Gejene |
| 520 | |a Cieľom príspevku je syntetizovať dôsledky COVID-19 na digitálne hospodárstvo v oblasti Afrického rohu. Prehodnocuje prijatie digitálnej ekonomiky ako prostriedok prechodu cez pandémiu COVID-19, pretože svet počas pandémie zaznamenáva rozmach digitálnych spoločností. | ||
| 610 | 2 | 0 | |a pandémia |
| 610 | 2 | 0 | |a digitalizácia |
| 610 | 2 | 0 | |a ekonomika regionálna |
| 610 | 2 | 0 | |a chudoba |
| 100 | 1 | |a Getahun, Saleamlak Fentaw | |
| 700 | 1 | |a Gejene, Sintayehu | |